أسرار زيادة و حذف الياء و ابدالها في الرسم القرآني / (رقم التسجيلة. 121091)

تفاصيل مارك
000 -الفاتح
عناصر البيانات ثابتة الطول 00694cam a2200169 i 4500
005 - تاريخ ووقت آخر معاملة
حقل ضبط 20251120122816.0
008 - عناصر البيانات ثابتة الطول
عناصر البيانات ثابتة الطول 250721s2010 jo gr 000 0 ara d
082 14 - رقم تصنيف ديوي العشري
رقم التصنيف 211.14
رقم المادة ع ر ا
100 1# - مدخل رئيسي – اسم شخصي
الاسم الشخصي العرابلي، أبو مسلم عبد المجيد
علاقة الشخص بالعمل/ دوره مؤلف.
245 10 - بيان العنوان
العنوان أسرار زيادة و حذف الياء و ابدالها في الرسم القرآني /
بيان المسؤولية تأليف بو مسلم عبد المجيد العرببلي.
264 31 - بيانات النشر، التوزيع…إلخ
مكان النشر، التوزيع...إلخ عمان :
اسم الناشر، الموزع...إلخ دار يافا العلمية للنشر والطباعة،
تاريخ النشر، التوزيع...إلخ 2010.
300 ## - الوصف المادي
عدد الوحدات المكونة للوعاء 222صفحة.
650 17 - مدخل إضافي بالموضوع - مصطلح موضوعي
مصطلح موضوعي أو اسم جغرافي كعنصر مدخل رسم المصاحف.
650 17 - مدخل إضافي بالموضوع - مصطلح موضوعي
مصطلح موضوعي أو اسم جغرافي كعنصر مدخل اللوم القرآنية.
942 ## - بيانات إضافية (كوها)
نوع التنصيف Dewey Decimal Classification
نوع المادة (كوها) كتب
المقتنيات
حالة السحب حالة الفقدان مصدر التصنيف حالة التلف غير قابل للإعارة المكتبة الرئيسية المكتبة الحالية موقع الرف تاريخ التزويد الرقم المتسلسل Total Checkouts رقم الإستدعاء الباركود تاريخ آخر ظهور تاريخ الفاتورة نوع المادة (كوها)
    Dewey Decimal Classification     المكتبة المركزية المكتبة المركزية الإعارة 28/07/2025 1383956   211.14 / ع ر ا PLD00160101 28/07/2025 28/07/2025 كتب
    Dewey Decimal Classification     المكتبة المركزية المكتبة المركزية مقتنيات قسم التزويد 28/07/2025 1383957   211.14/ عرا   28/07/2025 28/07/2025 كتب
    Dewey Decimal Classification     مكتبة أبو علندا العامة مكتبة أبو علندا العامة الإعارة 31/08/2010 1383958   211.14/ عرا PLD00160361 28/07/2025 31/08/2010 كتب
    Dewey Decimal Classification     مكتبة الأميرة ايمان العامة مكتبة الأميرة ايمان العامة الإعارة 31/08/2010 1383959   211.14/ عرا PLD00160360 28/07/2025 31/08/2010 كتب
    Dewey Decimal Classification     مكتبة الاميرة بديعة مكتبة الاميرة بديعة الإعارة 31/08/2010 1383960   211.14/ عرا PLD00160359 28/07/2025 31/08/2010 كتب
    Dewey Decimal Classification     مكتبة صويلح العامة مكتبة صويلح العامة الإعارة 31/08/2010 1383965   211.14/ عرا PLD00160354 28/07/2025 31/08/2010 كتب
    Dewey Decimal Classification     مكتبة وادي السير العامة مكتبة وادي السير العامة الإعارة 31/08/2010 1383964   211.14/ عرا PLD00160355 28/07/2025 31/08/2010 كتب
Implemented & Customized by: BBB with SCIT (Smart Chains for Information Technology)

Powered by Koha